Logo BPK

Biblioteka

Politechniki Koszalińskiej

Business letters for all / (Rekord nr 47301)

Szczegóły MARC
000 -ETYKIETA REKORDU
podpole kontrolne o stałej długości 00814nam a2200277 i 4500
001 - NUMER KONTROLNY REKORDU
pole kontrolne bgj
020 ## - MIĘDZYNARODOWY ZNORMALIZOWANY NUMER KSIĄŻKI - ISBN
ISBN 0195802322 (pbk)
040 ## - ŹRÓDŁO KATALOGOWANIA
Instytucja, która utworzyła rekord BPK
041 0# - KOD JĘZYKA
Kod języka tekstu eng
920 ## - Międzynarodowy znormalizowany numer książki – ISBN
ISBN 0-19-580232-2 (pbk)
008 - POLE O STAŁEJ DŁUGOŚCI - DANE KONTROLNE
podpole kontrolne o stałej długości s uk f |000 0 eng
100 1# - NAZWA OSOBOWA
Nazwa osobowa NATEROP, Bertha J.
245 10 - TYTUŁ/ODPOWIEDZIALNOŚĆ
Tytuł Business letters for all /
Pozostałe elementy strefy tytułu i oznaczenia odpowiedzialności Bertha J. Naterop, Erich Weis, Eva Haberfellner.
250 ## - STREFA WYDANIA
Oznaczenie wydania [19th impr.].
260 ## - STREFA ADRESU WYDAWNICZEGO
Miejsce wydania Oxford [etc.] :
Nazwa wydawcy/dystrybutora Oxford Univ. Press,
Data publikacji, dystrybucji/powstania dokumentu 1991.
300 ## - STREFA OPISU FIZYCZNEGO
Objętość 163 pp :
Inne cechy fizyczne ill. ;
Rozmiary 25 cm.
500 ## - UWAGI OGÓLNE
Tekst uwagi 1st publ. 1977.
505 ## - SFORMALIZOWANA UWAGA DOTYCZĄCA ZAWARTOŚCI
Pełny tekst uwagi Incl. ref. vocabulary.
650 #9 - HASŁO PRZEDMIOTOWE W FORMIE NAZWY OGÓLNEJ LUB JEDNOSTKOWEJ
Nazwa ogólna lub geograficzna English language
Określnik ogólny Business English
650 #9 - HASŁO PRZEDMIOTOWE W FORMIE NAZWY OGÓLNEJ LUB JEDNOSTKOWEJ
Nazwa ogólna lub geograficzna Business letters
655 ## - TERMIN INDEKSOWY - OKREŚLENIE RODZAJU/FORMY DOKUMENTU
Określenie rodzaju/formy dokumentu Problems, exercises, etc.
655 ## - TERMIN INDEKSOWY - OKREŚLENIE RODZAJU/FORMY DOKUMENTU
Określenie rodzaju/formy dokumentu Composition and exercises
700 1# - HASŁO DODATKOWE - NAZWA OSOBOWA
Nazwa osobowa WEIS, Erich.
700 1# - HASŁO DODATKOWE - NAZWA OSOBOWA
Nazwa osobowa HABERFELLNER, Eva.
856 ## - LOKALIZACJA I DOSTĘP DO ELEKTRONICZNYCH DOKUMENTÓW ZDALNYCH
Link (URL) http://koha.tu.koszalin.pl/cgi-bin/koha/opac-detail.pl?biblionumber=47301
Tekst linku Katalog online BPK
942 ## - DODATKOWE ELEMENTY (KOHA)
Typ dokumentu Książka
Egzemplarze
Wycofany Status egzemplarza Uszkodzony Dostępność Lokalizacja stała Lokalizacja bieżąca Miejsce przechowywania Sygnatura Kod kreskowy Typ dokumentu
      Tylko na miejscu Biblioteka Politechniki Koszalińskiej Biblioteka Politechniki Koszalińskiej Czytelnia Wydziałowa ul. Kwiatkowskiego 6e KA 2913 09005211 Książka
      Dostępny Biblioteka Politechniki Koszalińskiej Biblioteka Politechniki Koszalińskiej Wypożyczalnia Językowa KA 2914 09005129 Książka
© 2023 Biblioteka Politechniki Koszalińskiej :: KOHA